Cottbusser Ortsteile mit Karte - Statistiken

Allgemein
  • Dieses Quiz wurde 130 mal gespielt
  • Das Durchschnittsergebnis liegt bei 13 aus 19
Antworten auf der Karte
Die Antworten werden auf der Karte rot bzw. grün angezeigt, abhängig davon wie oft sie richtig erraten wurden.
 
Antwortstatistiken
Ortsteil % Korrekt
Sandow (Žandow)
93%
Ströbitz (Strobice)
85%
Mitte (Srjejź)
84%
Madlow (Módłej)
83%
Sachsendorf (Knorawa)
80%
Schmellwitz (Chmjelow)
80%
Spremberger Vorstadt (Grodkojske Pśedměsto)
73%
Branitz (Rogeńc)
72%
Sielow (Žylow)
71%
Merzdorf (Žylowk)
67%
Groß Gaglow (Gogolow)
65%
Kiekebusch (Kibuš)
63%
Gallinchen (Gołynk)
59%
Dissenchen (Dešank)
52%
Kahren (Kórjeń)
52%
Saspow (Zaspy)
48%
Willmersdorf (Rogozno)
47%
Döbbrick (Depsk)
43%
Skadow (Škódow)
40%
Keine übereinstimmenden Quizze gefunden
Verteilung der Resultate
Anzahl Personen mit jedem Resultat
Perzentil nach korrekt beantworteten Fragen
Ihre Resultats-Entwicklung
Sie haben dieses Quiz noch nicht gespielt